Peoplework : communications dynamics for librarians
Αποθηκεύτηκε σε:
| Κύριος συγγραφέας: | |
|---|---|
| Άλλοι συγγραφείς: | |
| Μορφή: | Βιβλίο |
| Γλώσσα: | English |
| Δημοσίευση: |
Chicago :
American Library Association,
1979
|
| Θέματα: | |
| Ετικέτες: |
Προσθήκη ετικέτας
Δεν υπάρχουν, Καταχωρήστε ετικέτα πρώτοι!
|
MARC
| LEADER | 00000nam a2200000 i 4500 | ||
|---|---|---|---|
| 001 | 1/74894 | ||
| 008 | 050407s1979 eng d | ||
| 020 | |a 0-8389-0290-1 | ||
| 035 | |l 10077551 | ||
| 040 | |a GR-MY-UA |b gre |e aacr | ||
| 041 | 0 | |a eng | |
| 082 | 0 | |a 020 |2 (21) | |
| 100 | 1 | |a Powell, Judith W. | |
| 245 | 1 | 0 | |a Peoplework : |b communications dynamics for librarians / |c Judith W.Powell and Robert B. LeLieuvre |
| 260 | |a Chicago : |b American Library Association, |c 1979 | ||
| 300 | |a 190 σ.; |c 23 εκ. | ||
| 504 | |a περιέχει βιβλιογραφικές παραπομπές και ευρετήριο | ||
| 650 | 0 | 0 | |a Libraries and readers. |
| 650 | 0 | 0 | |a Interpersonal communication. |
| 650 | 0 | 0 | |a Librarians |x Phychology. |
| 700 | 1 | |a LeLieuvre, Robert B. | |
| 852 | |a INST |b LESVOS |e 20050407 |h 020 POW |p 005100027984 |q 005100027984 |t BK |y 0 | ||
| 901 | |a BIBL1-2005-1 | ||
| 909 | |a Λ |b 018688 | ||
| 970 | |a ΤΖΑΦΕΡΗ |b ΕΥΑΓΓΕΛΙΑ |z 2005/04/07 | ||